000 00267nam a22001097a 4500
008 170117b xxu||||| |||| 00| 0 eng d
020 _a9781582553078
041 _aeng
080 _a618.2
245 _aNCLEX-RN 250 NEW-FORMAT QUESTIONS
_cAVILLION, A.E
942 _2udc
_cBK
999 _c3017
_d3017